000 01556nam a2200265Ia 4500
999 _c55304
_d55304
001 22381
003 GE_BSU
005 20221221160821.0
008 181216s2018||||ge |||||||||||||| ||geo||
040 _cGE_BSU
041 _ageo
080 _a37 ხ-29
100 _aხასაია, ია
_910725
245 _aუცხოური ენების შესწავლის ხელშემწყობი პირობები დაწყებით კლასებში /
_cია ხასაია; მეცნ. ხელმძღვ. ლ. თავდგირიძე; ბსუ. განათლების ფაკულტეტი. პედაგოგიურ მეცნ. დეპარტამენტი.
264 _aბათუმი,
_c2018.
300 _a176 გვ. ;
_b30 სმ.
504 _aბიბლ.გვ.157-163
653 _aპედაგოგიკა;
653 _aუცხოური ენების შესწავლის ხელშემწყობი პირობები დაწყებით კლასებში
653 _aდისერტაცია
653 _aლინგვისტიკა ფილოლოგია
700 _aთავდგირიძე, ლ.
_eმეცნ. ხელმძღვანელი
_910726
710 _aბსუ.
_bგანათლების ფაკულტეტი. პედაგოგიურ მეცნ. დეპარტამენტი
_910727
942 _cDS
_2udc